000 01412nam a2200337 i 4500
001 768714001
003 CO-MdFUSB
005 20241015130731.0
007 ta
008 180420t1991 ag ||||| |||| 00| 0 spa d
020 _a0-8028-0911-1
040 _aCO-MdFUSB
_bspa
_cCO-MdFUSB
_dCO-MdFUSBC
_erda
041 0 _aspa
_heng
082 0 4 _a227.94
_223
_bM368
100 1 _aMarshall, I. Howard
_eautor
245 4 _aLas cartas de Juan
_c/ I. Howard Marshall ; traducido por Washington Padilla
264 1 _aBuenos Aires, Argentina :
_b Nueva Creación,
_c[1991]
264 4 _c©1991
300 _a275 páginas
_c; 22 cm
336 _2rdacontent
_atexto
_btxt
337 _2rdamedia
_asin mediación
_bn
338 _2rdacarrier
_avolumen
_bnc
505 _aLa situación y el carácter de 2 y 3 carta de Juan. -- La situación de 1 Juan. -- La estructura de 1 Juan. -- Teorías de reorganización y revisión. -- Las relaciones entre los escritos juaninos. -- ¿Quién fue el autor de las epístolas? -- Las epístolas en la iglesia de los primeros siglo. -- El pensamiento de las epístolas.
563 _aRústico
630 0 7 _aBiblia.
_pJuan, 1ª
_xCrítica, interpretación, etc.
630 0 7 _aBiblia.
_pJuan, 2ª
_xCrítica, interpretación, etc.
630 0 7 _aBiblia.
_pJuan, 3ª
_xCrítica, interpretación, etc.
700 _aPadilla, Washington,
_910944
_etraductor
942 _cBK
945 _aJTF-925
999 _c33739
_d33739